000 00568nam a2200217Ia 4500
003 OSt
005 20220928143411.0
006 a|||||r|||| 00| 0
007 ta
008 220927b |||||||| |||| 00| 0 eng d
024 _a21988
037 _cTextual
040 _aSDCL
_cSDCL
_beng
041 _2eng
_aeng
082 _aO15,1B2:g(Q), M0
100 _aTrikha Urmila Rani
_9505340
245 0 _aConcept of religion in the Mahabharata.
260 _c1980
942 _hO15,1B2:g(Q), M0
_cTEXL
_2CC
999 _c824010
_d824010